Dinh dưỡng với trí tuệ trẻ em
Sparad:
| Huvudupphovsman: | |
|---|---|
| Materialtyp: | Bok |
| Språk: | Undetermined |
| Publicerad: |
Hà Nội
Văn hóa- Thông tin
2005
|
| Ämnen: | |
| Taggar: |
Lägg till en tagg
Inga taggar, Lägg till första taggen!
|
| Thư viện lưu trữ: | Trung tâm Học liệu Trường Đại học Cần Thơ |
|---|
| LEADER | 00599nam a2200205Ia 4500 | ||
|---|---|---|---|
| 001 | CTU_88826 | ||
| 008 | 210402s9999 xx 000 0 und d | ||
| 020 | |c 32000 | ||
| 082 | |a 613.432 | ||
| 082 | |b Ng419 | ||
| 100 | |a Ngọc Lan | ||
| 245 | 0 | |a Dinh dưỡng với trí tuệ trẻ em | |
| 245 | 0 | |c Ngọc Lan | |
| 260 | |a Hà Nội | ||
| 260 | |b Văn hóa- Thông tin | ||
| 260 | |c 2005 | ||
| 650 | |a Children | ||
| 650 | |x Nutrition | ||
| 904 | |i Tuyến,Hải (sửa số pl 613.432/L105 thành 613.432/Ng419) | ||
| 980 | |a Trung tâm Học liệu Trường Đại học Cần Thơ | ||